Statistics for All % In Hollow Knight

Click here to take the quiz!

General Stats

  • This quiz has been taken 14 times
  • The average score is 53 of 105

Answer Stats

%Answer% Correct
Grimm Troupe DLCGrimm
88%
BossesFalse Knight
88%
CharmsHeart
88%
Nail ArtsGreat Slash
88%
Warrior DreamsNo-Eyes
88%
SpellsDesolate Dive
75%
Equipment (2%)Mantis Claw
75%
SpellsVengeful Spirit
75%
SpellsShade Soul
75%
CharmsLongnail
75%
DreamersHerrah the Beast
75%
Warrior DreamsMarkoth
75%
BossesHornet Sentinal
75%
Warrior DreamsXero
75%
DreamersLurien the Watcher
75%
Warrior DreamsGorb
75%
Warrior DreamsMarmu
75%
Equipment (2%)Mothwing Cloak
75%
Warrior DreamsElder Hu
75%
DreamersMonomon the Teacher
75%
CharmsJoni's Blessing
63%
Grimm Troupe DLCNightmare King
63%
EssenceDream Nail
63%
CharmsSharp Shadow
63%
CharmsQuick Focus
63%
Nail ArtsCyclone Slash
63%
TrialsFool
63%
Nail ArtsDash Slash
63%
Equipment (2%)Monarch Wings
63%
Equipment (2%)Crystal Heart
63%
CharmsGreed
63%
CharmsMark of Pride
63%
CharmsSoul Catcher
63%
Grimm Troupe DLCGrimmchild/Carefree Melody
63%
BossesNosk
63%
BossesWatcher Knight
63%
Warrior DreamsGalien
63%
CharmsWayward Compass
63%
TrialsWarrior
63%
CharmsQuick Slash
63%
SpellsDescending Dark
63%
BossesGruz Mother
63%
CharmsStrength
63%
Equipment (2%)Shade Cloak
63%
SpellsHowling Wraiths
50%
Lifeblood DLCHive Knight
50%
Grimm Troupe DLCDreamshield
50%
SpellsAbyss Shriek
50%
CharmsHiveblood
50%
CharmsSteady Body
50%
CharmsDeep Focus
50%
CharmsThorns of Agony
50%
CharmsGathering Swarm
50%
BossesHornet Protector
50%
Godmaster DLCPantheon of the Artist
50%
BossesMantis Lords
50%
CharmsHeavy Blow
50%
CharmsBaldur Shell
50%
BossesSoul Master
50%
BossesBroken Vessel
50%
CharmsSoul Eater
50%
CharmsLifeblood Core
50%
CharmsGrubsong
50%
Godmaster DLCPantheon of the Knight
50%
Godmaster DLCPantheon of the Sage
50%
CharmsShaman Stone
50%
BossesTraitor Lord
38%
BossesDung Defender
38%
BossesUumuu
38%
BossesCollector
38%
Grimm Troupe DLCSprintmaster
38%
Grimm Troupe DLCWeaversong
38%
CharmsKingsoul/Void Heart
38%
CharmsDashmaster
38%
CharmsFury of the Fallen
38%
CharmsSpell Twister
38%
Equipment (2%)Isma's Tear
38%
CharmsFlukenest
38%
CharmsLifeblood Heart
38%
Godmaster DLCPantheon of the Master
38%
EssenceSeer's Final Words
38%
EssenceAwoken Dream Nail
38%
CharmsShape of Unn
38%
TrialsConqueror
38%
NailNail Upgrade
38%
Godmaster DLCGodtuner
25%
BossesBrooding Mawlek
25%
Equipment (2%)King's Brand
25%
CharmsSpore Shroom
25%
CharmsGrubberfly's Elegy
25%
CharmsDefender's Crest
25%
CharmsStalwart Shell
25%
Fragments3 Vessel Fragments
13%
Fragments4 Mask Shards
13%
CharmsNailmaster's Glory
13%
CharmsGlowing Womb
13%
CharmsDream Wielder
13%

Score Distribution

Percentile by Number Answered

Percent of People with Each Score

Your Score History

You have not taken this quiz